000 00301nam a2200121Ia 4500
008 240731s9999 xx 000 0 und d
022 _a2331-1975
245 0 _aCogent Business & Management
260 _bCogent OA
856 _uhttps://www.tandfonline.com/loi/oabm20
942 _2ddc
942 _cTFEJ
999 _c75932
_d75932
945 _a1
_bMadushi Gamage
_c1
_dMadushi Gamage